00452 a2200133 450000100060000004000220000610000230002824000460005124500350009765000590013294200070019195201030019899900170030150789 cAnchieta - Pituba aVavatzanids, Karin10aMit erfolg zu fit in deutsch 1ldeu / ger10aMit erfolg zu fit in deutsch 1 4aLínguas germânicas (teutônicas) língua alemã cMU 00104070a91.1b91.1d2023-11-21l0o430 F544 MITp161/PITr2023-11-21 18:19:10w2023-11-21yMU c50789d50789